[Event "Spanish Championship"]
[Site "Las Palmas Gran Canaria"]
[Date "2017.10.06"]
[Round "8"]
[White "Bernabeu Lopez, Carlos Javier"]
[Black "Gil Quilez, David"]
[Result "1/2-1/2"]
[WhiteTitle "FM"]
[WhiteElo "2335"]
[BlackElo "2197"]
[Board "17"]
[WhiteCountry "ESP"]
[WhiteFideId "2235366"]
[WhiteEloChange "-4"]
[BlackCountry "ESP"]
[BlackFideId "2281406"]
[BlackEloChange "4"]

1. e4 e5 2. Nf3 Nc6 3. Bb5 a6 4. Ba4 Nf6 5. d3 b5 6. Bb3 Be7 7. a4 b4 8.
Nbd2 d6 9. O-O Na5 10. Ba2 c5 11. c3 Rb8 12. Nc4 O-O 13. Bd2 h6 14. h3 Be6
15. Nxa5 Qxa5 16. Bxe6 fxe6 17. cxb4 cxb4 18. Qb3 Kf7 19. Rac1 Rfc8 20.
Rxc8 Rxc8 21. Qxb4 Qxb4 22. Bxb4 Nd7 23. Rd1 d5 24. Bxe7 Kxe7 25. d4 dxe4
26. Nxe5 Nxe5 27. dxe5 Rc4 28. b3 Rb4 29. Rd6 Rxb3 30. Rxa6 e3 31. fxe3
Rxe3 32. Ra7+ Kf8 33. Ra5 Ra3 34. Kf2 Kf7 35. Ra6 h5 36. h4 Kg6 37. Rxe6+
Kf5 38. Ra6 Kxe5 39. Ra5+ Kf6 40. Ke2 g6 41. Kf2 Ke6 42. g3 Kf6 43. Kg2 Ra1
44. Kf3 Rf1+ 45. Ke4 Ra1 46. Ra6+ Kg7 47. Kf3 Kh6 48. Kg2 Ra2+ 49. Kh3 Kg7
50. Ra8 Kf7 51. Ra7+ Kf8 52. a5 Kg8 53. a6 Kh8 54. Ra8+ Kg7 55. a7 Kh7 56.
g4 Ra3+ 57. Kg2 hxg4 58. Kh2 Kg7 59. Kg2 Kh7 1/2-1/2

[Event "Spanish Championship"]
[Site "Las Palmas Gran Canaria"]
[Date "2017.10.06"]
[Round "8"]
[White "Rey Malde, Henrique"]
[Black "Castellanos Gomez, Alejandro"]
[Result "1/2-1/2"]
[WhiteElo "2184"]
[BlackElo "2270"]
[Board "18"]
[WhiteCountry "ESP"]
[WhiteFideId "2244969"]
[WhiteEloChange "2"]
[BlackCountry "ESP"]
[BlackFideId "22284141"]
[BlackEloChange "-2"]

1. e4 e6 2. d4 d5 3. Nc3 Nf6 4. e5 Nfd7 5. f4 c5 6. Nf3 Nc6 7. Be3 a6 8.
Qd2 b5 9. a3 Qa5 10. Ra2 Qc7 11. Ne2 c4 12. g4 Nb6 13. Ng3 b4 14. axb4 Nxb4
15. Ra1 a5 16. Be2 Nd3+ 17. Bxd3 cxd3 18. c3 Nc4 19. Qf2 Rb8 20. Bc1 d2+
21. Nxd2 Nxb2 22. Bxb2 Rxb2 23. O-O Qxc3 24. Rac1 Rc2 25. Ne2 Qxd2 26. Rxc2
Qxc2 27. Rc1 Qb2 28. Rxc8+ Kd7 29. Ra8 Qb7 30. Rxa5 Bb4 31. Ra1 Ra8 32.
Rxa8 Qxa8 33. f5 Be7 34. Kg2 1/2-1/2

[Event "Spanish Championship"]
[Site "Las Palmas Gran Canaria"]
[Date "2017.10.06"]
[Round "8"]
[White "Perez Perez, Gabriel"]
[Black "Garcia Blanco, Omar"]
[Result "0-1"]
[BlackTitle "FM"]
[WhiteElo "2037"]
[BlackElo "2241"]
[Board "19"]
[WhiteCountry "ESP"]
[WhiteFideId "32089147"]
[WhiteEloChange "-5"]
[BlackCountry "ESP"]
[BlackFideId "2287153"]
[BlackEloChange "5"]

1. e4 c5 2. Nf3 Nc6 3. g3 g6 4. Bg2 Bg7 5. O-O d6 6. c3 e5 7. Na3 Nge7 8.
Nc2 Qb6 9. d3 O-O 10. Nd2 Qc7 11. a4 Be6 12. Nc4 Rad8 13. N2e3 d5 14. exd5
Nxd5 15. Qe2 Qd7 16. Nxd5 Bxd5 17. Be3 Bxg2 18. Kxg2 f5 19. f3 Qd5 20. Rad1
Rfe8 21. Rfe1 b6 22. Bf2 Re7 23. Be3 Rde8 24. Bg1 Bf6 25. Qf1 Kf7 26. Bf2
Qd8 27. Qe2 Qc7 28. Qc2 h5 29. Qe2 Qd7 30. Qc2 Rh8 31. h3 Kg7 32. Rh1 Qb7
33. Rde1 Nd8 34. Nd2 Nf7 35. Be3 Qd5 36. c4 Qd7 37. Nb1 f4 38. gxf4 Qf5 39.
Nd2 exf4 40. Bf2 Ne5 41. Ne4 Rd7 42. Rd1 Rhd8 43. d4 cxd4 44. c5 g5 45. c6
Rc7 46. Bxd4 Rxd4 47. Rxd4 Rxc6 48. Qxc6 Nxc6 49. Rd6 Nd4 50. Rxf6 Qc8 51.
Rd6 Qc2+ 52. Nf2 Nf5 53. Rd7+ Kg6 54. Re1 Nh4+ 55. Kf1 Qxa4 56. Rd6+ Kf7
57. Rd3 Qb5 58. Re2 Nf5 59. Red2 Ne3+ 60. Kg1 Ke7 61. b3 Qc6 62. Nd1 Qxf3
63. Nxe3 fxe3 64. Rg2 g4 65. hxg4 hxg4 66. Rc2 Qe4 67. Rc7+ Ke6 68. Rd8
Qb1+ 69. Kg2 Qb2+ 70. Kh1 g3 0-1

[Event "Spanish Championship"]
[Site "Las Palmas Gran Canaria"]
[Date "2017.10.06"]
[Round "8"]
[White "Moreno Ruiz, Javier"]
[Black "Pousada Garcia, Daniel"]
[Result "1-0"]
[WhiteTitle "IM"]
[WhiteElo "2464"]
[BlackElo "1952"]
[Board "20"]
[WhiteCountry "ESP"]
[WhiteFideId "2203146"]
[WhiteEloChange "1"]
[BlackCountry "ESP"]
[BlackFideId "2278642"]
[BlackEloChange "-2"]

1. d4 Nf6 2. c4 e6 3. Nc3 d5 4. cxd5 exd5 5. Bg5 Be7 6. e3 c6 7. Qc2 Nbd7
8. Bd3 O-O 9. Nge2 Re8 10. O-O Nf8 11. f3 h6 12. Bh4 Ne6 13. Rad1 Nd7 14.
Bf2 Bg5 15. e4 dxe4 16. fxe4 Qe7 17. Ng3 Bh4 18. Nf5 Bxf2+ 19. Qxf2 Qf8 20.
Qg3 Kh8 21. Nd6 Re7 22. Bc4 Nb6 23. Bb3 c5 24. dxc5 Nd7 25. Bxe6 Rxe6 26.
Nxf7+ Kg8 27. Nxh6+ Rxh6 28. Rxf8+ Kxf8 29. Qc7 Ke8 30. Nb5 1-0

[Event "Spanish Championship"]
[Site "Las Palmas Gran Canaria"]
[Date "2017.10.06"]
[Round "8"]
[White "Alshameary Puente, Ismael"]
[Black "Perez Garcia, Roberto"]
[Result "1-0"]
[WhiteTitle "FM"]
[WhiteElo "2333"]
[BlackElo "2104"]
[Board "22"]
[WhiteCountry "ESP"]
[WhiteFideId "2225166"]
[WhiteEloChange "4"]
[BlackCountry "ESP"]
[BlackFideId "2217708"]
[BlackEloChange "-4"]

1. Nf3 d5 2. c4 dxc4 3. Na3 g6 4. h4 Nf6 5. Nxc4 Bg7 6. d4 O-O 7. g3 c5 8.
dxc5 Qxd1+ 9. Kxd1 Ne4 10. Be3 Na6 11. Bg2 Naxc5 12. Ng5 Be6 13. Nxe6 fxe6
14. Ke1 Rac8 15. Rd1 b5 16. Nd2 Nxd2 17. Rxd2 Na4 18. Rd7 Rc2 19. Bh3 Kf7
20. Rxa7 Rxb2 21. Kf1 Be5 22. Kg2 Rd8 23. Bg4 h5 24. Bf3 Rxa2 25. Bc6 Rb8
26. Bg5 Bf6 27. Bf4 Rb6 28. Rc7 Nc3 29. Rc8 b4 30. Bh6 Bg7 31. Be8+ Kf6 32.
Be3 Rba6 33. Bg5+ Kf5 34. Rc5+ e5 35. Bd7+ e6 36. f3 Nxe2 37. Kh3 R6a3 38.
Bc6 1-0

[Event "Spanish Championship"]
[Site "Las Palmas Gran Canaria"]
[Date "2017.10.06"]
[Round "8"]
[White "Herrera Reyes, Jose Antonio"]
[Black "Sarmiento Afonso, Santiago"]
[Result "1-0"]
[WhiteTitle "FM"]
[BlackTitle "FM"]
[WhiteElo "2323"]
[BlackElo "2050"]
[Board "23"]
[WhiteCountry "ESP"]
[WhiteFideId "2274914"]
[WhiteEloChange "3"]
[BlackCountry "ESP"]
[BlackFideId "2224160"]
[BlackEloChange "-3"]

1. Nf3 c5 2. g3 Nc6 3. Bg2 g6 4. d3 Bg7 5. c3 d6 6. a3 Bg4 7. b4 Qd7 8.
bxc5 dxc5 9. Be3 c4 10. d4 Na5 11. Nbd2 Nh6 12. Bxh6 Bxh6 13. Ne5 Bxd2+ 14.
Qxd2 Qe6 15. Qh6 f6 16. Nxg4 Qxg4 17. Rb1 Qd7 18. O-O O-O-O 19. Rb4 b6 20.
Qe3 Qd6 21. Rfb1 Kc7 22. Qf3 Rb8 23. Ra4 Rhc8 24. Rb5 Rd8 25. h4 f5 26.
Raxa5 bxa5 27. Rc5+ 1-0

[Event "Spanish Championship"]
[Site "Las Palmas Gran Canaria"]
[Date "2017.10.06"]
[Round "8"]
[White "Alvarez Fernandez, Enrique"]
[Black "Marrero Cardenes, Agustin"]
[Result "1-0"]
[WhiteTitle "FM"]
[WhiteElo "2314"]
[BlackElo "2030"]
[Board "24"]
[WhiteCountry "ESP"]
[WhiteFideId "2227398"]
[WhiteEloChange "3"]
[BlackCountry "ESP"]
[BlackFideId "22279490"]
[BlackEloChange "-3"]

1. d4 Nf6 2. Nf3 c5 3. c3 e6 4. Bf4 Nc6 5. e3 d5 6. Nbd2 Bd6 7. Bg3 O-O 8.
Bb5 a6 9. Bxc6 bxc6 10. Qa4 Bxg3 11. hxg3 Qb6 12. dxc5 Qxc5 13. Qh4 e5 14.
Nxe5 Re8 15. Ndf3 Rb8 16. O-O Qd6 17. Qf4 Rxb2 18. Rfb1 Qa3 19. Ng5 Qxc3
20. Rxb2 Qxb2 21. Qd4 Qxd4 22. exd4 c5 23. f4 c4 24. Ngxf7 Be6 25. Nd6 Rb8
26. f5 Bd7 27. g4 Rb6 28. Ndxc4 dxc4 29. g5 Bxf5 30. Nxc4 Nd5 31. Nxb6 Nxb6
32. Rc1 Be4 33. Rc7 Nd5 34. Ra7 Bd3 35. Kf2 Kf8 36. Kf3 Ne7 37. a3 Kf7 38.
d5 Ke8 39. Ke3 Bf1 40. d6 Nf5+ 41. Kf4 Nxd6 42. Rxg7 Bd3 43. Ke5 Nf7+ 44.
Kf6 Bg6 45. Rg8+ Kd7 46. Rxg6 1-0

[Event "Spanish Championship"]
[Site "Las Palmas Gran Canaria"]
[Date "2017.10.06"]
[Round "8"]
[White "Vazquez Igarza, Renier"]
[Black "Cuenca Jimenez, Jose Fernando"]
[Result "0-1"]
[WhiteTitle "GM"]
[BlackTitle "GM"]
[WhiteElo "2578"]
[BlackElo "2490"]
[Board "25"]
[WhiteCountry "ESP"]
[WhiteFideId "3503054"]
[WhiteEloChange "-6"]
[BlackCountry "ESP"]
[BlackFideId "2255570"]
[BlackEloChange "6"]

1. d4 Nf6 2. Nf3 g6 3. c4 Bg7 4. g3 O-O 5. Bg2 d6 6. O-O Nc6 7. Nc3 a6 8.
Bf4 Rb8 9. Rc1 h6 10. b3 g5 11. d5 gxf4 12. dxc6 fxg3 13. hxg3 b6 14. Qd2
Bf5 15. Nh4 Bh7 16. b4 e6 17. a4 Ng4 18. Nf3 Qe7 19. e3 h5 20. Ne2 Bf6 21.
Nf4 h4 22. Nh5 hxg3 23. fxg3 Bg5 24. Nf4 Bh6 25. Qe2 Nf6 26. Nd2 Kh8 27.
Bf3 e5 28. Qh2 Kg7 29. Ng2 Rh8 30. Kf2 Bd3 31. Nh4 Qe6 32. Rh1 e4 33. Bd1
Qe5 34. Qh3 Kf8 35. Be2 Bxe3+ 36. Kxe3 Qg5+ 37. Kd4 Qe5+ 38. Ke3 Qg5+ 39.
Kd4 Qxd2 40. Ng6+ Kg7 0-1

[Event "Spanish Championship"]
[Site "Las Palmas Gran Canaria"]
[Date "2017.10.07"]
[Round "9"]
[White "Forcen Esteban, Daniel"]
[Black "Anton Guijarro, David"]
[Result "1/2-1/2"]
[WhiteTitle "GM"]
[BlackTitle "GM"]
[WhiteElo "2528"]
[BlackElo "2656"]
[Board "1"]
[WhiteCountry "ESP"]
[WhiteFideId "2288230"]
[WhiteEloChange "2"]
[BlackCountry "ESP"]
[BlackFideId "2285525"]
[BlackEloChange "-2"]

1. e4 e5 2. Nf3 Nc6 3. Bc4 Bc5 4. c3 Nf6 5. d4 exd4 6. e5 d5 7. Bb5 Ne4 8.
cxd4 Bb6 9. Nc3 O-O 10. Be3 Bg4 11. h3 Bh5 12. Qc2 Ba5 13. Be2 Bg6 14. Qb3
Bxc3+ 15. bxc3 Na5 16. Qb4 b6 17. O-O Rc8 18. Rfd1 Re8 19. Rac1 c6 20. Ba6
Rb8 21. c4 h6 22. cxd5 Qxd5 23. Qa3 Bh5 24. g4 Bg6 25. Nh4 Bh7 26. Bf1 Qd8
27. Nf5 Bxf5 28. gxf5 Qh4 29. Bg2 Rbd8 30. f4 Qg3 31. Rd3 c5 32. dxc5 Nd2
33. Bd4 Qxf4 34. Qc3 Ne4 35. Bxe4 Qxe4 36. cxb6 axb6 37. e6 f6 38. Re1 Qxf5
39. Rf3 Qh5 40. Rg3 Rc8 41. Qb2 Qh4 42. Bf2 Qf4 1/2-1/2

[Event "Spanish Championship"]
[Site "Las Palmas Gran Canaria"]
[Date "2017.10.07"]
[Round "9"]
[White "Cuenca Jimenez, Jose Fernando"]
[Black "Salgado Lopez, Ivan"]
[Result "0-1"]
[WhiteTitle "GM"]
[BlackTitle "GM"]
[WhiteElo "2490"]
[BlackElo "2627"]
[Board "2"]
[WhiteCountry "ESP"]
[WhiteFideId "2255570"]
[WhiteEloChange "-3"]
[BlackCountry "ESP"]
[BlackFideId "2257327"]
[BlackEloChange "3"]

1. d4 Nf6 2. c4 e6 3. Nf3 d5 4. Nc3 dxc4 5. e4 Bb4 6. Bxc4 Nxe4 7. O-O Nxc3
8. bxc3 Bd6 9. Re1 O-O 10. Bd3 Nd7 11. Qe2 Re8 12. Bg5 f6 13. Bh4 Nf8 14.
Rab1 c6 15. Nd2 b6 16. Ne4 Be7 17. Bg3 Bb7 18. a4 a6 19. h4 Ra7 20. Red1
Bc8 21. h5 h6 22. c4 f5 23. Nd2 Qxd4 24. Nb3 Qf6 25. Be5 Qf7 26. Nd4 Bb7
27. Bc7 Bd8 28. Bxb6 Bxb6 29. Rxb6 Nd7 30. Rbb1 c5 31. Nb3 Ba8 32. Qe3 Qxh5
33. Bf1 Qg5 34. Qxg5 hxg5 35. Rd6 Kf7 36. Re1 g4 37. Re3 e5 38. Red3 Re7
39. Na5 e4 40. Rd1 Ne5 41. Rd8 Re8 42. R8d6 Rb8 43. Rd8 Rxd8 44. Rxd8 Ke7
45. Rg8 Kd6 46. Rf8 Ke6 47. Re8+ Kf6 48. Rc8 Nd3 49. Nb3 Rb7 50. Na5 Ra7
51. Nb3 Rb7 52. Na5 Rb1 53. Rxa8 Nf4 54. Rf8+ Kg5 55. g3 Nh3+ 56. Kg2 Rb2
57. Kh1 Nxf2+ 58. Kg1 e3 59. Nc6 Ne4 60. Ne7 Nxg3 61. Bd3 f4 62. Nd5 e2 63.
Kf2 f3 64. Ne3 Rd2 65. Nc2 e1=Q+ 66. Kxe1 Rxd3 67. Re8 Nf5 68. Kf1 Kf4 69.
a5 Rd2 0-1

[Event "Spanish Championship"]
[Site "Las Palmas Gran Canaria"]
[Date "2017.10.07"]
[Round "9"]
[White "Castellanos Rodriguez, Renier"]
[Black "Arizmendi Martinez, Julen Luis"]
[Result "1/2-1/2"]
[WhiteTitle "IM"]
[BlackTitle "GM"]
[WhiteElo "2481"]
[BlackElo "2513"]
[Board "3"]
[WhiteCountry "ESP"]
[WhiteFideId "3404650"]
[BlackCountry "ESP"]
[BlackFideId "2205092"]

1. c4 d6 2. Nc3 g6 3. g3 Bg7 4. Bg2 Nf6 5. Nf3 O-O 6. O-O e5 7. d4 Nbd7 8.
e4 Re8 9. h3 a6 10. Re1 exd4 11. Nxd4 Rb8 12. Be3 c5 13. Nde2 Qc7 14. a4 b6
15. Qc2 Ne5 16. b3 Bb7 17. Rad1 Nc6 18. f3 Na5 19. Bf2 Bc6 20. Nf4 b5 21.
axb5 axb5 22. cxb5 Bxb5 23. Nfd5 Nxd5 24. Nxd5 Qc8 25. Qa2 Nc6 26. f4 Nd4
27. b4 Ra8 28. Qd2 Ra3 29. bxc5 dxc5 30. Re3 Rxe3 31. Qxe3 Bc6 32. Qa3 Bxd5
33. exd5 Qc7 34. Re1 Rxe1+ 1/2-1/2

[Event "Spanish Championship"]
[Site "Las Palmas Gran Canaria"]
[Date "2017.10.07"]
[Round "9"]
[White "Santos Ruiz, Miguel"]
[Black "Santos Latasa, Jaime"]
[Result "0-1"]
[WhiteTitle "IM"]
[BlackTitle "IM"]
[WhiteElo "2505"]
[BlackElo "2523"]
[Board "4"]
[WhiteCountry "ESP"]
[WhiteFideId "22291482"]
[WhiteEloChange "-5"]
[BlackCountry "ESP"]
[BlackFideId "2293307"]
[BlackEloChange "5"]

1. d4 Nf6 2. Nf3 g6 3. g3 Bg7 4. Bg2 O-O 5. O-O d6 6. c4 Ne4 7. Qc2 f5 8.
Rd1 Nc6 9. d5 Nb4 10. Qb3 a5 11. Ne1 Nc5 12. Qa3 e5 13. Bd2 Bd7 14. Bxb4
axb4 15. Qxb4 Ra4 16. Qc3 e4 17. Qc2 Qf6 18. Nc3 Rxc4 19. Qd2 b5 20. e3 b4
21. Qe2 bxc3 22. Qxc4 cxb2 23. Rab1 Qc3 24. Qe2 Rb8 25. Rd2 Ba4 26. Bf1 Qa3
27. Qc4 Qc3 28. Qe2 Rb6 29. Nc2 Nd3 30. Nd4 Qc1 31. Rdxb2 Qxb2 0-1

[Event "Spanish Championship"]
[Site "Las Palmas Gran Canaria"]
[Date "2017.10.07"]
[Round "9"]
[White "Suarez Garcia, Carlos"]
[Black "Suarez Gomez, Julio"]
[Result "1-0"]
[WhiteTitle "IM"]
[BlackTitle "FM"]
[WhiteElo "2463"]
[BlackElo "2485"]
[Board "5"]
[WhiteCountry "ESP"]
[WhiteFideId "22230858"]
[WhiteEloChange "5"]
[BlackCountry "ESP"]
[BlackFideId "22275991"]
[BlackEloChange "-5"]

1. Nf3 d5 2. g3 Nf6 3. Bg2 e6 4. O-O Be7 5. c4 O-O 6. d4 dxc4 7. Ne5 Qd6 8.
Nxc4 Qa6 9. Qc2 Nc6 10. e3 Nb4 11. Qe2 Bd7 12. b3 Rad8 13. a3 Bc6 14. e4
Bb5 15. e5 Nfd5 16. Bb2 Nc6 17. a4 Bxc4 18. bxc4 Na5 19. Nd2 Bb4 20. Rfc1
Ne7 21. Be4 c5 22. Nf3 h6 23. Bd3 Qc6 24. Rd1 Rd7 25. d5 exd5 26. cxd5 Rxd5
27. Kg2 Rdd8 28. Rac1 a6 29. h4 Nb3 30. Rc4 b5 31. axb5 axb5 32. Rg4 Qe6
33. Qe4 Rxd3 34. Rxd3 Na5 35. Rd6 Qc4 36. e6 f6 37. Bxf6 Qxe4 38. Rxg7+ Kh8
39. Rxe7+ 1-0

[Event "Spanish Championship"]
[Site "Las Palmas Gran Canaria"]
[Date "2017.10.07"]
[Round "9"]
[White "Cruz Lledo, Pablo"]
[Black "Perez Candelario, Manuel"]
[Result "1/2-1/2"]
[WhiteTitle "IM"]
[BlackTitle "GM"]
[WhiteElo "2432"]
[BlackElo "2591"]
[Board "6"]
[WhiteCountry "ESP"]
[WhiteFideId "2297361"]
[WhiteEloChange "2"]
[BlackCountry "ESP"]
[BlackFideId "2210622"]
[BlackEloChange "-2"]

1. d4 d6 2. Nf3 g6 3. g3 Bg7 4. Bg2 Nd7 5. O-O e5 6. c4 Ne7 7. Nc3 O-O 8.
dxe5 dxe5 9. Qc2 Nc6 10. Rd1 Nd4 11. Nxd4 exd4 12. Nb5 Nc5 13. Be3 Bf5 14.
Qc1 dxe3 15. Rxd8 exf2+ 16. Kxf2 Raxd8 17. Nxc7 b6 18. Bf3 h5 19. Nd5 Rfe8
20. Qg5 Bxb2 21. Nf6+ Bxf6 22. Qxf6 Rd2 23. Kg1 Ne4 24. Qc6 Re7 25. a4 Ng5
26. Re1 Kg7 27. Bg2 Rexe2 28. Rxe2 Rxe2 29. Qc7 Nh3+ 30. Bxh3 Bxh3 31. Qxa7
Re6 32. c5 Rf6 33. Qa6 bxc5 34. Qc4 Rc6 35. a5 Be6 36. Qb5 Rc8 37. a6 c4
38. Qe5+ Kh7 39. a7 c3 40. a8=Q Rxa8 41. Qxc3 Bh3 42. Qf6 Kg8 43. Qh4 Ra1+
44. Kf2 Ra2+ 45. Kg1 Ra1+ 46. Kf2 Rf1+ 47. Ke2 Bg2 48. Qd8+ Kh7 49. Qf8 Bh3
50. Qe7 Rf5 51. Ke3 Kg7 52. Qc7 g5 53. Qc3+ Rf6 54. Qb2 Kg6 55. Qc2+ Bf5
56. Qc5 Kh7 57. Qc7 Bg6 58. Qd8 Rf5 59. Qe7 g4 60. Qd8 Rc5 61. Qd1 Rc3+ 62.
Kf2 Rf3+ 63. Kg1 Bd3 64. Qa4 Kg7 65. Qd4+ Kg6 66. Qd6+ f6 67. Qd5 Kh6 68.
Qf7 Bg6 69. Qf8+ Kh7 70. Qe7+ Kg8 71. Qd8+ Kg7 72. Qc7+ Bf7 73. Qd7 Kg6 74.
Qc6 Kg7 75. Qd7 Re3 76. Kf2 Re5 77. Kg1 Rd5 78. Qc7 Rf5 79. Qd7 Rf3 80. Qc7
Kg6 81. Qc2+ Kh6 82. Qd2+ Kh7 83. Qd7 Kg6 84. Qc6 Rf5 85. Qc8 Re5 86. Qc2+
f5 87. Qc6+ Re6 88. Qc8 Rf6 89. Qc7 h4 90. gxh4 f4 91. Qe5 Rf5 92. Qe7 Kh5
93. Kf2 Bg6 94. Qg7 Rf7 95. Qh8+ Bh7 96. Qd8 Rf5 97. Qe7 Bg6 98. Qg7 Rf7
99. Qh8+ Bh7 100. Qd8 Rf5 101. Qe7 Kh6 102. Qd8 1/2-1/2

[Event "Spanish Championship"]
[Site "Las Palmas Gran Canaria"]
[Date "2017.10.07"]
[Round "9"]
[White "Montero Melendez, Rafael"]
[Black "Ibarra Jerez, Jose Carlos"]
[Result "0-1"]
[WhiteTitle "FM"]
[BlackTitle "GM"]
[WhiteElo "2376"]
[BlackElo "2561"]
[Board "7"]
[WhiteCountry "ESP"]
[WhiteFideId "2221772"]
[WhiteEloChange "-5"]
[BlackCountry "ESP"]
[BlackFideId "2226332"]
[BlackEloChange "3"]

1. Nf3 d5 2. e3 Nf6 3. c4 e6 4. b3 c5 5. Bb2 a6 6. Be2 Nc6 7. cxd5 exd5 8.
O-O d4 9. exd4 cxd4 10. Re1 Be7 11. Na3 O-O 12. Nc4 Bc5 13. Nfe5 Nb4 14. a3
Nbd5 15. b4 Ba7 16. Bf3 Nf4 17. Qb3 Ne6 18. Na5 Rb8 19. Rac1 Ng5 20. Bxb7
Bxb7 21. Nac6 Qb6 22. Bxd4 Qxd4 23. Nxd4 Bxd4 24. Qc4 Ne6 25. Nc6 Bxc6 26.
Qxc6 Rb6 27. Qf3 Rd8 28. h3 h6 29. Rc4 Rbd6 30. Qb7 Rb6 31. Qf3 Rbd6 32.
Rec1 Bb2 33. Rd1 Bd4 34. a4 Ng5 35. Qb7 Nfe4 36. d3 Bxf2+ 37. Kf1 Rf6 38.
dxe4 Rxd1+ 39. Ke2 Re1+ 40. Kd2 Rd6+ 41. Kc2 Kh7 42. b5 axb5 43. axb5 Re2+
44. Kb3 Rd3+ 45. Rc3 Nxe4 0-1

[Event "Spanish Championship"]
[Site "Las Palmas Gran Canaria"]
[Date "2017.10.07"]
[Round "9"]
[White "Korneev, Oleg"]
[Black "Ladron De Guevara Pinto, Paolo"]
[Result "1/2-1/2"]
[WhiteTitle "GM"]
[BlackTitle "FM"]
[WhiteElo "2550"]
[BlackElo "2414"]
[Board "8"]
[WhiteCountry "ESP"]
[WhiteFideId "4156803"]
[WhiteEloChange "-2"]
[BlackCountry "ESP"]
[BlackFideId "2290847"]
[BlackEloChange "2"]

1. e4 e5 2. Nf3 Nc6 3. Bc4 Nf6 4. d3 Be7 5. O-O O-O 6. Re1 d6 7. a4 h6 8.
Nbd2 Nh7 9. Nf1 Ng5 10. c3 Bg4 11. Bxg5 Bxg5 12. h3 Be6 13. a5 Rb8 14. b4
a6 15. Rb1 Re8 16. Nxg5 Qxg5 17. Qf3 Ne7 18. Bxe6 fxe6 19. Qg4 Qxg4 20.
hxg4 Nc6 21. Ne3 Kf7 22. f3 Ke7 23. Kf2 Kd7 24. Rh1 Ne7 25. Ra1 Ra8 26. g5
hxg5 27. Rh7 Rg8 28. Kg3 b5 29. Rah1 c5 30. R1h5 cxb4 31. cxb4 Nc6 32. Ng4
Nxb4 33. Nf6+ Kc6 34. Nxg8 Rxg8 35. Kf2 Nxd3+ 36. Ke3 Nc5 37. Rh8 Rxh8 38.
Rxh8 d5 39. Rc8+ Kd6 40. Rd8+ Kc6 41. Rc8+ Kd6 42. Rd8+ Kc6 43. Rc8+
1/2-1/2

[Event "Spanish Championship"]
[Site "Las Palmas Gran Canaria"]
[Date "2017.10.07"]
[Round "9"]
[White "Del Rio De Angelis, Salvador G."]
[Black "Martin Duque, Jesus"]
[Result "1-0"]
[WhiteTitle "GM"]
[BlackTitle "FM"]
[WhiteElo "2524"]
[BlackElo "2387"]
[Board "9"]
[WhiteCountry "ESP"]
[WhiteFideId "2203138"]
[WhiteEloChange "3"]
[BlackCountry "ESP"]
[BlackFideId "2208954"]
[BlackEloChange "-6"]

1. d4 Nf6 2. Nf3 e6 3. e3 d5 4. Bd3 Be7 5. O-O O-O 6. b3 b6 7. Bb2 Bb7 8.
Nbd2 Nbd7 9. c4 Ne4 10. Rc1 Rc8 11. Qe2 a5 12. Rc2 Bd6 13. Rfc1 Qe7 14. Nf1
h6 15. Ng3 Rfd8 16. Nh5 dxc4 17. bxc4 Ba3 18. c5 Bxb2 19. Rxb2 Bd5 20. c6
Nb8 21. Rbc2 Qe8 22. Nf4 Rd6 23. Ne5 f6 24. Neg6 Ng5 25. Nxd5 exd5 26. h4
Nf7 27. Qg4 Rcd8 28. Nf4 g5 29. Nh5 Qe6 30. Bf5 Qe8 31. Ng3 Rxc6 32. Bd3
Rxc2 33. Rxc2 Qd7 34. Qh5 Nd6 35. Qxh6 Qg7 36. Qh5 c6 37. hxg5 fxg5 38. Qg4
Nf7 39. Qe6 Rd6 40. Qe8+ 1-0

[Event "Spanish Championship"]
[Site "Las Palmas Gran Canaria"]
[Date "2017.10.07"]
[Round "9"]
[White "Asis Gargatagli, Hipolito"]
[Black "Sanchez Aller, Fernando"]
[Result "1-0"]
[WhiteTitle "IM"]
[BlackTitle "FM"]
[WhiteElo "2519"]
[BlackElo "2341"]
[Board "10"]
[WhiteCountry "ESP"]
[WhiteFideId "2260735"]
[WhiteEloChange "3"]
[BlackCountry "ESP"]
[BlackFideId "2222892"]
[BlackEloChange "-5"]

1. e4 e5 2. Nf3 Nc6 3. Bb5 a6 4. Ba4 Nf6 5. O-O b5 6. Bb3 Bc5 7. a4 Bb7 8.
c3 d6 9. d4 Bb6 10. Re1 h6 11. Be3 Ng4 12. Bd5 Nxe3 13. fxe3 O-O 14. Na3
Qb8 15. axb5 axb5 16. Nxb5 Rxa1 17. Qxa1 Ne7 18. Bxb7 Qxb7 19. Qb1 f5 20.
Qa2+ Rf7 21. exf5 Nxf5 22. e4 Ne7 23. Nxe5 dxe5 24. Rf1 Nd5 25. Rxf7 Kxf7
26. Qxd5+ Qxd5 27. exd5 exd4 28. cxd4 Kf6 29. Kf2 Kf5 30. Kf3 h5 31. h3 Kg5
32. b4 Kf5 33. g3 g6 34. Ke3 Kf6 35. Ke4 Ke7 36. Na3 Ba7 37. Nc4 Kf6 38.
Ne5 Bb6 39. Nd7+ Ke7 40. Nxb6 1-0

[Event "Spanish Championship"]
[Site "Las Palmas Gran Canaria"]
[Date "2017.10.07"]
[Round "9"]
[White "Narciso Dublan, Marc"]
[Black "Garza Marco, Sergio"]
[Result "1-0"]
[WhiteTitle "GM"]
[BlackTitle "IM"]
[WhiteElo "2459"]
[BlackElo "2409"]
[Board "11"]
[WhiteCountry "ESP"]
[WhiteFideId "2201500"]
[WhiteEloChange "4"]
[BlackCountry "ESP"]
[BlackFideId "2210177"]
[BlackEloChange "-4"]

1. Nf3 c5 2. e3 d5 3. b3 Nc6 4. Bb5 Bd7 5. O-O e6 6. Bb2 Nf6 7. d3 Nb8 8.
Bxd7+ Nbxd7 9. c4 dxc4 10. bxc4 Be7 11. Nc3 O-O 12. Qe2 Qc7 13. Ng5 h6 14.
Nh3 Rfe8 15. f4 a6 16. g4 Nh7 17. Rf2 Rad8 18. Raf1 Ndf8 19. g5 h5 20. Qxh5
Rxd3 21. f5 exf5 22. Rxf5 g6 23. Qh6 Rd2 24. Nf4 Rxb2 25. Ncd5 Qd6 26. Rxf7
Qe5 27. Nd3 Bxg5 28. Ne7+ 1-0

[Event "Spanish Championship"]
[Site "Las Palmas Gran Canaria"]
[Date "2017.10.07"]
[Round "9"]
[White "Sanchez Jerez, Emilio Miguel"]
[Black "Espinosa Aranda, Angel"]
[Result "0-1"]
[WhiteTitle "FM"]
[BlackTitle "IM"]
[WhiteElo "2140"]
[BlackElo "2453"]
[Board "12"]
[WhiteCountry "ESP"]
[WhiteFideId "2256088"]
[WhiteEloChange "-3"]
[BlackCountry "ESP"]
[BlackFideId "2278189"]
[BlackEloChange "1"]

1. e4 c5 2. c3 Nf6 3. e5 Nd5 4. d4 cxd4 5. Nf3 e6 6. cxd4 d6 7. a3 Bd7 8.
Bd3 Bc6 9. O-O Nd7 10. b4 a6 11. Re1 Rc8 12. Ng5 dxe5 13. dxe5 g6 14. Qf3
Qe7 15. Qg3 Bg7 16. Bb2 Bb5 17. Ne4 O-O 18. Bxb5 axb5 19. Nbc3 N7b6 20.
Nxb5 Nc4 21. Bd4 Qd7 22. Nbd6 Nxd6 23. Nxd6 Rc6 24. Rad1 Ra8 25. b5 Rc7 26.
h4 Qe7 27. h5 Bh6 28. hxg6 hxg6 29. Rd3 Nf4 30. Rc3 Ra4 31. Rxc7 Qxc7 32.
Be3 Qc3 33. Kf1 Qd3+ 34. Kg1 Ne2+ 35. Rxe2 Qxe2 36. Ne8 Qe1+ 37. Kh2 Bxe3
38. Nf6+ Kf8 39. Qh3 Bf4+ 40. g3 Qxf2+ 41. Kh1 Qf3+ 0-1